[Event "Veletrzni turnaj 2021"]
[Site "Brno"]
[Date "2021.09.04"]
[Round "8.9"]
[White "Stehlik, Jiri"]
[Black "Habinova, Alice"]
[Result "1-0"]
[WhiteElo "1847"]
[BlackElo "1418"]
[PlyCount "91"]
[EventDate "2021.08.29"]

1. c4 e5 2. Nc3 Nf6 3. g3 d5 4. cxd5 Nxd5 5. Bg2 Be6 6. Nf3 Nc6 7. O-O Bc5 8.
d3 h6 9. Na4 Be7 10. Bd2 O-O 11. a3 f5 12. Qc2 Qd6 13. Rac1 Rae8 14. b4 a6 15.
Nc5 Bc8 16. e4 Nb6 17. Bc3 Nd7 18. Qa2+ Kh8 19. Nxd7 Bxd7 20. Qb2 Bf6 21. Qc2
Bd8 22. Nd2 f4 23. gxf4 Rxf4 24. Nc4 Qg6 25. f3 Rh4 26. Qf2 Bg5 27. Bd2 Nd4 28.
Rce1 Bh3 29. Qg3 Bxg2 30. Kxg2 b5 31. Bxg5 Qxg5 32. Qxg5 hxg5 33. Ne3 g6 34.
Rc1 c6 35. Ng4 Kg7 36. Rc5 Ne2 37. Rxc6 Nf4+ 38. Kf2 Nxd3+ 39. Ke3 Nb2 40. Rxa6
Nc4+ 41. Ke2 Rhh8 42. Ra7+ Kf8 43. Rd1 Nb6 44. Rd6 Nc8 45. Rf6+ Kg8 46. Rxg6+
1-0

[Event "Veletrzni turnaj 2021"]
[Site "Brno"]
[Date "2021.09.04"]
[Round "8.10"]
[White "Zikan, Karel"]
[Black "Hrdlicka, Vladan"]
[Result "0-1"]
[WhiteElo "1627"]
[BlackElo "1769"]
[PlyCount "96"]
[EventDate "2021.08.29"]

1. Nf3 Nf6 2. c4 g6 3. g3 Bg7 4. Bg2 O-O 5. O-O c5 6. Nc3 Nc6 7. d4 cxd4 8.
Nxd4 Qb6 9. Nxc6 bxc6 10. Qc2 Rb8 11. b3 d6 12. Bb2 a5 13. Na4 Qc7 14. Rfd1 c5
15. Nc3 Bb7 16. Nb5 Qb6 17. Bxb7 Rxb7 18. a4 Qc6 19. Bc3 h5 20. h4 Ra8 21. f3
Ne8 22. Kf2 Qd7 23. Kg2 Qc6 24. Kf2 Rd7 25. e4 Bxc3 26. Qxc3 Ng7 27. Rd3 f5 28.
Re1 fxe4 29. Rxe4 Rf8 30. Qe1 Nf5 31. Kg2 Qb7 32. Kh3 d5 33. Re6 dxc4 34. Rxd7
Qxd7 35. bxc4 Ng7 36. Nc7 Nxe6 37. Qxe6+ Qxe6+ 38. Nxe6 Rxf3 39. Nxc5 Ra3 40.
Kg2 Kf7 41. Kf2 Kf6 42. Nd7+ Ke6 43. Nf8+ Kf7 44. Nd7 Rxa4 45. c5 Ke8 46. Ne5
Ra2+ 47. Ke3 Ra3+ 48. Kf4 Rc3 0-1

[Event "Veletrzni turnaj 2021"]
[Site "Brno"]
[Date "2021.09.04"]
[Round "8.11"]
[White "Neduchal, Jiri"]
[Black "Ivan, Laszlo"]
[Result "1/2-1/2"]
[WhiteElo "1734"]
[BlackElo "1533"]
[PlyCount "32"]
[EventDate "2021.08.29"]

1. d4 Nf6 2. Nf3 g6 3. e3 Bg7 4. Bd3 O-O 5. O-O d6 6. Nbd2 Nc6 7. c3 e5 8. dxe5
Nxe5 9. Nxe5 dxe5 10. Bc2 b6 11. Ne4 Ba6 12. Re1 Qxd1 13. Rxd1 Rad8 14. Nxf6+
Bxf6 15. e4 Rxd1+ 16. Bxd1 Rd8 1/2-1/2

[Event "Veletrzni turnaj 2021"]
[Site "Brno"]
[Date "2021.09.04"]
[Round "8.12"]
[White "Sipek, Michal"]
[Black "Krystl, Jaromir"]
[Result "1-0"]
[WhiteElo "2021"]
[BlackElo "1514"]
[PlyCount "62"]
[EventDate "2021.08.29"]

1. Nf3 Nf6 2. g3 g6 3. Bg2 Bg7 4. c4 O-O 5. d3 d6 6. Nc3 Nc6 7. Bg5 h6 8. Bd2
Be6 9. Qc1 Kh7 10. h4 Nh5 11. Rb1 Qc8 12. b4 Ne5 13. Nd5 Qd7 14. Nf4 Nxf4 15.
Bxf4 Bf5 16. Nxe5 dxe5 17. Be3 Qa4 18. a3 Rab8 19. O-O Bg4 20. Qd2 Rfd8 21. b5
Bf5 22. Qb4 Qxb4 23. axb4 Bg4 24. Rfe1 f5 25. Bxa7 Ra8 26. b6 c6 27. b5 e4 28.
bxc6 bxc6 29. f3 Bd4+ 30. e3 Bc3 31. fxg4 Bxe1 1-0

[Event "Veletrzni turnaj 2021"]
[Site "Brno"]
[Date "2021.09.04"]
[Round "8.13"]
[White "Svec, Ludek"]
[Black "Kuchar, Matej"]
[Result "0-1"]
[WhiteElo "1549"]
[BlackElo "1998"]
[PlyCount "62"]
[EventDate "2021.08.29"]

1. d4 Nf6 2. Nf3 g6 3. g3 Bg7 4. Bg2 O-O 5. O-O d6 6. c4 Nbd7 7. Nc3 e5 8. dxe5
dxe5 9. Qc2 c6 10. Rd1 Qe7 11. e4 a5 12. a4 Nc5 13. h3 Nfd7 14. Bg5 Qe6 15. b3
Na6 16. Qd2 Ndc5 17. Rab1 Qd7 18. Qe3 Qc7 19. Ne2 Be6 20. Rd2 f6 21. Bh6 Bxh6
22. Qxh6 Rad8 23. Ne1 Rxd2 24. Qxd2 Rd8 25. Qe3 Qd7 26. Kf1 Bxh3 27. Bxh3 Qxh3+
28. Kg1 Qd7 29. Kf1 Qd2 30. Qxd2 Rxd2 31. Nc3 Nb4 0-1

[Event "Veletrzni turnaj 2021"]
[Site "Brno"]
[Date "2021.09.04"]
[Round "8.14"]
[White "Sepsi, Jakub"]
[Black "Wunsch, Radek"]
[Result "1/2-1/2"]
[WhiteElo "1400"]
[BlackElo "1895"]
[PlyCount "93"]
[EventDate "2021.08.29"]

1. e4 Nc6 2. Nf3 e5 3. d3 Bc5 4. Nc3 Nf6 5. Bg5 h6 6. Bh4 a6 7. Nd5 g5 8. Bg3
d6 9. Nxf6+ Qxf6 10. h3 Be6 11. Be2 O-O-O 12. Nd2 Nd4 13. Bg4 Kb8 14. Bxe6 Nxe6
15. Nb3 Bb6 16. Qd2 Qg6 17. O-O-O f5 18. f3 f4 19. Bf2 Bxf2 20. Qxf2 h5 21. d4
exd4 22. Nxd4 d5 23. Nxe6 Qxe6 24. exd5 Rxd5 25. Rxd5 Qxd5 26. b3 Rd8 27. Re1
Qa5 28. Kb2 b6 29. Re2 Rd1 30. Re8+ Kb7 31. Qe2 Qd5 32. Qe5 Rd2 33. Qxd5+ Rxd5
34. Re2 Kc6 35. c4 Rd1 36. Kc3 Rg1 37. Kd4 Kd6 38. Ke4 Ke6 39. Kd4+ Kf5 40. Kd5
g4 41. hxg4+ hxg4 42. fxg4+ Kxg4 43. Ke4 Kg3 44. Ke5 Ra1 45. Ke4 a5 46. Ke5 Rg1
47. Ke4 1/2-1/2

[Event "Veletrzni turnaj 2021"]
[Site "Brno"]
[Date "2021.09.04"]
[Round "8.15"]
[White "Hayrumyan, Artur"]
[Black "Blazek, Pavel"]
[Result "1-0"]
[WhiteElo "1511"]
[BlackElo "1728"]
[PlyCount "39"]
[EventDate "2021.08.29"]

1. d4 Nf6 2. Bf4 d5 3. Nf3 c5 4. e3 Nc6 5. c3 Qb6 6. b3 e6 7. Nbd2 cxd4 8. exd4
Be7 9. Bd3 O-O 10. Ne5 h6 11. h4 h5 12. g4 hxg4 13. Nxg4 Nxg4 14. Qxg4 e5 15.
Qh5 e4 16. Nxe4 dxe4 17. Bxe4 g6 18. Bxg6 Kg7 19. Qh7+ Kf6 20. Be5+ 1-0

[Event "Veletrzni turnaj 2021"]
[Site "Brno"]
[Date "2021.09.04"]
[Round "8.16"]
[White "Lukas, Ondrej"]
[Black "Vojtek, Pavel"]
[Result "1-0"]
[WhiteElo "1452"]
[BlackElo "1609"]
[PlyCount "105"]
[EventDate "2021.08.29"]

1. e4 e6 2. d4 d5 3. Nc3 Nf6 4. Bg5 h6 5. Bxf6 gxf6 6. exd5 exd5 7. Qe2+ Be6 8.
O-O-O c6 9. f4 Be7 10. g3 Na6 11. Bg2 Qd7 12. Nf3 O-O-O 13. Nh4 Bg4 14. Bf3
Bxf3 15. Qxf3 h5 16. Qd3 Nc7 17. Rhe1 Ne8 18. Qf5 Qxf5 19. Nxf5 Bf8 20. Rd3 Nd6
21. Nxd6+ Bxd6 22. h4 Rde8 23. Rde3 Kd7 24. Nd1 Rxe3 25. Rxe3 Rg8 26. Kd2 b6
27. c3 c5 28. a3 c4 29. Ke2 b5 30. Kf3 a5 31. Re2 b4 32. axb4 axb4 33. cxb4
Bxb4 34. Ne3 Kc6 35. g4 hxg4+ 36. Nxg4 Rh8 37. Kg3 Rg8 38. Kh3 Bd6 39. Nxf6 Rb8
40. Kg4 Rb3 41. h5 Bf8 42. Rd2 Rd3 43. Rxd3 cxd3 44. Kf3 Bg7 45. Ng4 Kb5 46.
Ke3 Kb4 47. Kxd3 Kb3 48. h6 Bh8 49. h7 Kxb2 50. Nh6 f6 51. Nf7 Bg7 52. h8=Q
Bxh8 53. Nxh8 1-0

[Event "Veletrzni turnaj 2021"]
[Site "Brno"]
[Date "2021.09.04"]
[Round "8.17"]
[White "Haupt, Jaromir"]
[Black "Ulcak, Michael"]
[Result "1-0"]
[WhiteElo "1743"]
[BlackElo "1470"]
[PlyCount "111"]
[EventDate "2021.08.29"]

1. g3 Nf6 2. Bg2 d5 3. d3 c5 4. Nf3 g6 5. O-O Bg7 6. Nbd2 O-O 7. e4 dxe4 8.
dxe4 Nc6 9. Qe2 Bg4 10. c3 Ne5 11. h3 Bxf3 12. Nxf3 Qd3 13. Qxd3 Nxd3 14. e5
Nd7 15. e6 fxe6 16. Ng5 Nxc1 17. Raxc1 Bh6 18. Nxe6 Bxc1 19. Nxf8 Rxf8 20. Rxc1
Ne5 21. Rd1 Kg7 22. Rd5 Nc4 23. Rxc5 Nxb2 24. Bxb7 Nd3 25. Rc7 Nxf2 26. Bg2 Nd1
27. Rxe7+ Kh6 28. c4 Rc8 29. Bd5 Nb2 30. Re4 Kg5 31. Rf4 h5 32. Kg2 Rc5 33. h4+
Kh6 34. Kf3 Ra5 35. Ke4 Rxa2 36. c5 Ra4+ 37. Ke3 Ra5 38. Kd4 Na4 39. c6 Nb6 40.
Be4 Kg7 41. c7 Ra4+ 42. Ke5 Rc4 43. Kd6 Rd4+ 44. Kc6 Rd7 45. Kb7 Kg8 46. Bc6
Re7 47. Re4 Rf7 48. Be8 Rf3 49. Kxa7 Rb3 50. Re6 Nc8+ 51. Ka8 Rb6 52. Rxb6
Nxb6+ 53. Kb7 Nc4 54. Kc6 Na5+ 55. Kd6 Nb7+ 56. Ke7 1-0

[Event "Veletrzni turnaj 2021"]
[Site "Brno"]
[Date "2021.09.04"]
[Round "8.20"]
[White "Prokop, Jiri"]
[Black "Karafiat, Vojtech"]
[Result "0-1"]
[WhiteElo "1684"]
[BlackElo "1255"]
[PlyCount "95"]
[EventDate "2021.08.29"]

1. f4 d5 2. Nf3 g6 3. d4 Bg7 4. e3 Nf6 5. Bd3 O-O 6. O-O b6 7. Qe2 Bb7 8. Nbd2
Ne4 9. c3 f5 10. Ne5 Bxe5 11. fxe5 e6 12. Nf3 Nd7 13. Bd2 c5 14. Be1 c4 15. Bc2
b5 16. Nd2 Qg5 17. Nxe4 fxe4 18. Bg3 Rf5 19. Rf4 h5 20. Raf1 Raf8 21. h4 Qxg3
22. Rxf5 Rxf5 23. Rxf5 gxf5 24. Qxh5 Nf8 25. Bd1 Qg6 26. Qe2 Qh6 27. g3 Bc6 28.
Qf2 Be8 29. Kg2 Bh5 30. Be2 Bxe2 31. Qxe2 Kg7 32. b3 Nd7 33. a4 a6 34. bxc4
bxc4 35. a5 Qh8 36. Kh3 Qe8 37. Qb2 Qb8 38. Qe2 Qb1 39. Kg2 Kg6 40. Qf2 Qd1 41.
Kh2 Kh5 42. Qf4 Qe2+ 43. Kg1 Qg4 44. Qf2 Qf3 45. Qxf3+ exf3 46. Kf2 Kg4 47. h5
Kxh5 48. Kxf3 0-1

[Event "Veletrzni turnaj 2021"]
[Site "Brno"]
[Date "2021.09.04"]
[Round "8.23"]
[White "Hladky, Mikulas"]
[Black "Luc, Martin"]
[Result "1-0"]
[WhiteElo "1223"]
[BlackElo "1114"]
[PlyCount "57"]
[EventDate "2021.08.29"]

1. e4 c5 2. Nf3 Nc6 3. Bb5 d6 4. O-O Nf6 5. Nc3 g6 6. d4 cxd4 7. Nxd4 Bd7 8.
Bxc6 bxc6 9. Bg5 Bg7 10. Re1 Qb8 11. Rb1 O-O 12. Nf3 Bg4 13. h3 Bxf3 14. Qxf3
Re8 15. a3 Qc7 16. Qe3 Nd7 17. Bh6 Bh8 18. Kh1 Nb6 19. f4 d5 20. f5 e6 21. fxg6
fxg6 22. exd5 Nxd5 23. Nxd5 cxd5 24. c3 Qd7 25. Rf1 Bg7 26. Bxg7 Kxg7 27. Qe5+
Kg8 28. Rf6 Re7 29. Rbf1 {necitelny zapis} 1-0

[Event "Veletrzni turnaj 2021"]
[Site "Brno"]
[Date "2021.09.04"]
[Round "8.24"]
[White "Buchta, Vaclav"]
[Black "Sojka, Oldrich"]
[Result "0-1"]
[WhiteElo "1119"]
[BlackElo "1417"]
[PlyCount "64"]
[EventDate "2021.08.29"]

1. d4 d5 2. Nf3 Nf6 3. e3 g6 4. Bd3 Nc6 5. Nbd2 a6 6. O-O Bg7 7. c3 Bg4 8. Qe2
Qd7 9. h3 Bxf3 10. Qxf3 e5 11. e4 dxe4 12. Nxe4 Nxe4 13. Qxe4 O-O-O 14. Be3
exd4 15. cxd4 f5 16. Qf3 Bxd4 17. Bg5 Rde8 18. Rac1 Ne5 19. Qg3 Nxd3 20. Rcd1
Ne5 21. Rfe1 Nf7 22. Rxe8+ Rxe8 23. Be3 Rxe3 24. fxe3 Bxe3+ 25. Qxe3 Qxd1+ 26.
Kh2 Qd6+ 27. g3 Ne5 28. b4 Qe7 29. Qb3 Qe8 30. g4 Nc6 31. b5 Nd4 32. Qd5 Qe2+
0-1

[Event "Veletrzni turnaj 2021"]
[Site "Brno"]
[Date "2021.09.04"]
[Round "8.25"]
[White "Soucek, Andrej"]
[Black "Saskova, Renata"]
[Result "1-0"]
[WhiteElo "1318"]
[BlackElo "1195"]
[PlyCount "67"]
[EventDate "2021.08.29"]

1. e4 c5 2. Nf3 d6 3. d4 cxd4 4. Nxd4 Nf6 5. Nc3 e6 6. g4 e5 7. Nf5 g6 8. Ne3
Nc6 9. Bb5 Bd7 10. g5 Nh5 11. Ned5 Nd4 12. Bxd7+ Qxd7 13. Be3 Bg7 14. Bxd4 exd4
15. Nb5 O-O-O 16. Nxd4 Bxd4 17. Qxd4 Kb8 18. O-O-O Rhe8 19. Rhe1 Qg4 20. Qe3
Re5 21. f4 Re6 22. Rg1 Qh4 23. h3 f5 24. Nc3 Nxf4 25. Nb5 b6 26. Qa3 Rd7 27.
Nd4 Rxe4 28. Nc6+ Ka8 29. Qa6 Re8 30. Rge1 Rf8 31. Re3 Qxg5 32. Ra3 Ne2+ 33.
Kb1 Nc3+ 34. bxc3 1-0

[Event "Veletrzni turnaj 2021"]
[Site "Brno"]
[Date "2021.09.05"]
[Round "9.1"]
[White "Glozar, Petr"]
[Black "Meszaros, Ludek"]
[Result "1/2-1/2"]
[WhiteElo "2110"]
[BlackElo "2027"]
[PlyCount "71"]
[EventDate "2021.08.29"]

1. d4 Nf6 2. c4 g6 3. Nc3 Bg7 4. e4 d6 5. Nf3 O-O 6. Be2 Nbd7 7. O-O e5 8. Re1
c6 9. Bf1 Qb6 10. d5 cxd5 11. cxd5 Nc5 12. Nd2 Bg4 13. Qc2 Rfc8 14. Nc4 Qd8 15.
f3 Bd7 16. Nxd6 Ba4 17. Nxa4 Qxd6 18. Nxc5 Rxc5 19. Qb3 b6 20. Be3 Rcc8 21. Ba6
Rc7 22. Rac1 Nd7 23. Rxc7 Qxc7 24. Rc1 Nc5 25. Qb5 Qd6 26. Bxc5 bxc5 27. Qc6
Qd8 28. Rxc5 Bh6 29. Kf1 Bf8 30. Rb5 Qg5 31. h4 Qd2 32. Qxa8 Qd1+ 33. Kf2 Qd2+
34. Kg3 Qe1+ 35. Kh3 Qh1+ 36. Kg3 1/2-1/2

[Event "Veletrzni turnaj 2021"]
[Site "Brno"]
[Date "2021.09.05"]
[Round "9.2"]
[White "Jires, Jiri"]
[Black "Fiala, Vaclav"]
[Result "0-1"]
[WhiteElo "2144"]
[BlackElo "2307"]
[PlyCount "74"]
[EventDate "2021.08.29"]

1. e4 d6 2. d4 g6 3. c4 Bg7 4. Nc3 Nf6 5. h3 O-O 6. Be3 c6 7. Nf3 e5 8. d5 c5
9. Bd3 a6 10. g4 Nbd7 11. Qd2 Re8 12. a4 Nf8 13. Rg1 Bd7 14. Bg5 Rb8 15. Nh4
Qc8 16. b3 Qc7 17. Rc1 Qa5 18. Nf5 gxf5 19. gxf5 Ng6 20. h4 Kh8 21. Bh6 Bxh6
22. Qxh6 Rg8 23. fxg6 Rxg6 24. Rxg6 fxg6 25. Qd2 Rf8 26. f4 Ng4 27. f5 gxf5 28.
exf5 Bxf5 29. Bxf5 Rxf5 30. Ne4 Qd8 31. Ng5 h6 32. Qe2 Qf6 33. Qxg4 hxg5 34.
hxg5 Rf1+ 35. Kd2 Qf2+ 36. Kd3 e4+ 37. Qxe4 Rxc1 0-1

[Event "Veletrzni turnaj 2021"]
[Site "Brno"]
[Date "2021.09.05"]
[Round "9.3"]
[White "Zuziak, Petr"]
[Black "Pokorny, Petr"]
[Result "0-1"]
[WhiteElo "1797"]
[BlackElo "2162"]
[PlyCount "90"]
[EventDate "2021.08.29"]

1. d4 g6 2. Nf3 Bg7 3. c4 d6 4. Nc3 Nf6 5. Bg5 O-O 6. e3 c6 7. Be2 Qc7 8. O-O
e5 9. dxe5 dxe5 10. Nd2 Bf5 11. e4 Be6 12. b4 a5 13. a3 axb4 14. axb4 Rxa1 15.
Qxa1 h6 16. Be3 Rd8 17. h3 Nbd7 18. Nd1 Nf8 19. Qc3 Bc8 20. c5 Ne6 21. Nb2 Nd4
22. Bd3 Be6 23. Ndc4 Nxe4 24. Qc1 Kh7 25. Re1 Nf6 26. Nd6 Nd5 27. Bxd4 exd4 28.
Qb1 Nf4 29. Nbc4 Bd5 30. f3 Rd7 31. Re8 Re7 32. Rc8 Qd7 33. Qf1 Nxd3 34. Qxd3
Bxc4 35. Qxc4 Be5 36. Qa2 Bg3 37. Ne4 Qxc8 38. Nxg3 Qe6 39. Qb2 Qe1+ 40. Nf1
Qc3 41. Qf2 Qxb4 42. Nd2 Qxc5 43. Ne4 Qc1+ 44. Kh2 Qf4+ 45. g3 Qe3 0-1

[Event "Veletrzni turnaj 2021"]
[Site "Brno"]
[Date "2021.09.05"]
[Round "9.4"]
[White "Hladky, Tadeas"]
[Black "Setina, Vaclav"]
[Result "1-0"]
[WhiteElo "1908"]
[BlackElo "1607"]
[PlyCount "57"]
[EventDate "2021.08.29"]

1. e4 c5 2. Nf3 Nc6 3. Bb5 g6 4. O-O Bg7 5. Re1 Nf6 6. e5 Nd5 7. Nc3 Nxc3 8.
dxc3 O-O 9. Bg5 Qc7 10. Qe2 d5 11. exd6 exd6 12. Bf4 Bf5 13. Rad1 Rfd8 14. h3
Bf8 15. Bc4 h6 16. g4 Bd7 17. Qd3 Kg7 18. Bxd6 Bxd6 19. Qxd6 Qxd6 20. Rxd6 Na5
21. Bxf7 Kxf7 22. Ne5+ Ke7 23. Nc4+ Kf7 24. Nxa5 Bb5 25. Nxb7 Re8 26. Rxe8 Rxe8
27. Rd1 Be2 28. Re1 Re5 29. Nxc5 1-0

[Event "Veletrzni turnaj 2021"]
[Site "Brno"]
[Date "2021.09.05"]
[Round "9.5"]
[White "Volak, Simon"]
[Black "Stehlik, Jiri"]
[Result "1-0"]
[WhiteElo "2035"]
[BlackElo "1847"]
[PlyCount "81"]
[EventDate "2021.08.29"]

1. e4 c5 2. Nf3 Nc6 3. c3 d5 4. exd5 Qxd5 5. d4 e6 6. Be2 Nf6 7. O-O Be7 8. Be3
cxd4 9. cxd4 O-O 10. Nc3 Qd8 11. Rc1 b6 12. a3 Bb7 13. b4 Nd5 14. Nxd5 exd5 15.
Bb5 Nb8 16. Ne5 a6 17. Bd3 Bf6 18. Qg4 g6 19. f4 Bg7 20. f5 Nd7 21. fxg6 Nxe5
22. gxh7+ Kh8 23. dxe5 Qe7 24. Bxb6 Rac8 25. Bc5 Rxc5 26. bxc5 Qxe5 27. Kh1 Bc8
28. Bf5 Bxf5 29. Qxf5 d4 30. c6 Qxf5 31. Rxf5 d3 32. Rd1 Rc8 33. Rc5 Bd4 34.
Rc4 Bb2 35. Rxd3 Kxh7 36. Rc5 f6 37. g3 Kg6 38. Rb3 Be5 39. Kg2 Kf7 40. c7 Ke8
41. Rb8 1-0

[Event "Veletrzni turnaj 2021"]
[Site "Brno"]
[Date "2021.09.05"]
[Round "9.6"]
[White "Hrdlicka, Vladan"]
[Black "Tajovsky, Matej"]
[Result "0-1"]
[WhiteElo "1769"]
[BlackElo "2025"]
[PlyCount "108"]
[EventDate "2021.08.29"]

1. e4 c5 2. Nf3 e6 3. c3 Nf6 4. e5 Nd5 5. d4 Nc6 6. c4 Nde7 7. d5 exd5 8. cxd5
Nb4 9. Nc3 d6 10. a3 Na6 11. Bc4 Ng6 12. e6 fxe6 13. dxe6 Be7 14. Bb5+ Kf8 15.
Bxa6 bxa6 16. Ng5 Bxg5 17. Bxg5 Qxg5 18. Qf3+ Nf4 19. Qxa8 Nd3+ 20. Kf1 Ke7 21.
Qf3 Ne5 22. Qe3 Qxe3 23. Nd5+ Kxe6 24. Nxe3 a5 25. f4 Nd3 26. f5+ Ke5 27. b3
Kd4 28. Nc4 Bxf5 29. Nxd6 Be6 30. Ke2 Rb8 31. Rab1 Bxb3 32. Nf5+ Kc3 33. Ne3 c4
34. Rhf1 Rb7 35. Rf5 a4 36. g3 g6 37. Rf8 Rd7 38. Rf3 Kd4 39. Rbf1 Re7 40. Rf4+
Nxf4+ 41. Rxf4+ Re4 42. Rxe4+ Kxe4 43. Ng4 Kd4 44. Kd2 h5 45. Nf6 c3+ 46. Kc1
Be6 47. Ne8 Kc4 48. Nd6+ Kb3 49. Nb5 Bd7 50. Nd4+ Kxa3 51. Kc2 Kb4 52. Ne2 Bf5+
53. Kc1 a3 54. h4 a2 0-1

[Event "Veletrzni turnaj 2021"]
[Site "Brno"]
[Date "2021.09.05"]
[Round "9.7"]
[White "Lukas, Frantisek"]
[Black "Lisik, Miroslav"]
[Result "1-0"]
[WhiteElo "1879"]
[BlackElo "1680"]
[PlyCount "97"]
[EventDate "2021.08.29"]

1. b3 c5 2. Bb2 Nc6 3. e3 d6 4. Bb5 Bd7 5. Ne2 a6 6. Bxc6 Bxc6 7. O-O Nf6 8. d4
cxd4 9. Nxd4 Bd7 10. Nd2 g6 11. Ne2 Bg7 12. Ne4 Nh5 13. Bxg7 Nxg7 14. c4 O-O
15. Nd4 Rc8 16. Rc1 Ne6 17. a4 Nc5 18. Nxc5 dxc5 19. Ne2 Bc6 20. Qc2 Qc7 21.
Nc3 Rfd8 22. Rfd1 Rxd1+ 23. Rxd1 Rd8 24. f3 Rd7 25. Rxd7 Qxd7 26. Kf2 Kg7 27.
Ne2 f6 28. Nc1 a5 29. Qd3 b6 30. Qxd7 Bxd7 31. e4 g5 32. Ke3 Kf7 33. Ne2 Bc6
34. Nc3 e6 35. g3 Ke7 36. f4 gxf4+ 37. gxf4 f5 38. exf5 exf5 39. Kf2 h6 40. Kg3
Be4 41. Nxe4 fxe4 42. Kf2 Kf6 43. Ke3 Kf5 44. h3 h5 45. h4 Kg4 46. Kxe4 Kxh4
47. f5 Kg5 48. Ke5 h4 49. f6 1-0

[Event "Veletrzni turnaj 2021"]
[Site "Brno"]
[Date "2021.09.05"]
[Round "9.8"]
[White "Vaculik, Martin"]
[Black "Marsa, Alexandr"]
[Result "1-0"]
[WhiteElo "1862"]
[BlackElo "1863"]
[PlyCount "61"]
[EventDate "2021.08.29"]

1. c4 e6 2. g3 d5 3. Bg2 dxc4 4. Qa4+ Bd7 5. Qxc4 Nc6 6. d4 Rc8 7. Bd2 b5 8.
Qd3 Nb4 9. Bxb4 Bxb4+ 10. Nd2 c5 11. a3 Bxd2+ 12. Qxd2 Nf6 13. Nh3 O-O 14. O-O
Bc6 15. Bxc6 Rxc6 16. Rac1 Qd7 17. Rfd1 c4 18. Ng5 Rd8 19. Nf3 Rd6 20. Qc2 Qb7
21. Re1 Qe4 22. a4 Qxc2 23. Rxc2 a6 24. Ra1 Nd5 25. axb5 axb5 26. Rcc1 Nb4 27.
Ra5 Rb6 28. Ra7 f6 29. Rca1 Nc6 30. Rc7 Kf8 31. e3 {necitelny zapis} 1-0

[Event "Veletrzni turnaj 2021"]
[Site "Brno"]
[Date "2021.09.05"]
[Round "9.9"]
[White "Sipek, Michal"]
[Black "Hayrumyan, Artur"]
[Result "1-0"]
[WhiteElo "2021"]
[BlackElo "1511"]
[PlyCount "65"]
[EventDate "2021.08.29"]

1. Nf3 Nf6 2. g3 d6 3. Bg2 e5 4. d3 h6 5. c4 Be6 6. b4 Nbd7 7. Nc3 c6 8. O-O
Be7 9. b5 Nh7 10. bxc6 bxc6 11. Nd2 Qc7 12. a4 h5 13. Ba3 h4 14. Nb5 cxb5 15.
Bxa8 hxg3 16. hxg3 Ng5 17. Nf3 Qc8 18. Bd5 Bxd5 19. cxd5 Nxf3+ 20. exf3 Nb6 21.
g4 Nxa4 22. Qc1 Nc5 23. Bxc5 dxc5 24. Rxa7 f5 25. Qa1 O-O 26. Rxe7 Re8 27. Qxe5
Rxe7 28. Qxe7 fxg4 29. Qe6+ Qxe6 30. dxe6 gxf3 31. Rc1 c4 32. dxc4 bxc4 33.
Rxc4 1-0

[Event "Veletrzni turnaj 2021"]
[Site "Brno"]
[Date "2021.09.05"]
[Round "9.10"]
[White "Kuchar, Matej"]
[Black "Neduchal, Jiri"]
[Result "1/2-1/2"]
[WhiteElo "1998"]
[BlackElo "1734"]
[PlyCount "41"]
[EventDate "2021.08.29"]

1. e4 c6 2. Nc3 d5 3. Nf3 dxe4 4. Nxe4 Bg4 5. Bc4 e6 6. h3 Bf5 7. Ng3 Bg6 8. h4
h6 9. Ne5 Qf6 10. d4 Bd6 11. Qe2 Nd7 12. Nxg6 Qxg6 13. Ne4 Bb4+ 14. Bd2 Bxd2+
15. Kxd2 Ngf6 16. Rae1 Nxe4+ 17. Qxe4 Qxe4 18. Rxe4 Nf6 19. Re5 O-O-O 20. Kc3
Rd6 21. Rd1 1/2-1/2

[Event "Veletrzni turnaj 2021"]
[Site "Brno"]
[Date "2021.09.05"]
[Round "9.11"]
[White "Rehurek, Karel"]
[Black "Mares, Jaroslav"]
[Result "1-0"]
[WhiteElo "1798"]
[BlackElo "1938"]
[PlyCount "78"]
[EventDate "2021.08.29"]

1. e4 e6 2. d4 d5 3. exd5 exd5 4. Nf3 Nf6 5. g3 g6 6. Bg2 Bg7 7. O-O O-O 8. Bf4
h6 9. Nc3 c6 10. Qd2 Kh7 11. Rfe1 Na6 12. Rad1 Nc7 13. Qd3 Bf5 14. Qe2 Ne4 15.
Nxe4 Bxe4 16. Ne5 Bf5 17. Nf3 Ne6 18. Be3 Be4 19. Ne5 Bxg2 20. Kxg2 Qd6 21. c3
a5 22. Nd3 b6 23. Nf4 Ng5 24. Qd3 a4 25. h4 Ne6 26. Nxe6 fxe6 27. h5 Rf6 28.
Bf4 Qf8 29. hxg6+ Rxg6 30. Rxe6 Bf6 31. Rxc6 Re8 32. Rxb6 Qf7 33. Be5 Kg7 34.
Bxf6+ Rxf6 35. Rxf6 Qxf6 36. Qf3 Qe6 37. Qe3 Qg6 38. Qf4 Re7 39. Rd2 h5 1-0

[Event "Veletrzni turnaj 2021"]
[Site "Brno"]
[Date "2021.09.05"]
[Round "9.12"]
[White "Rychtecky, Pavel"]
[Black "Lukas, Ondrej"]
[Result "1/2-1/2"]
[WhiteElo "1543"]
[BlackElo "1452"]
[PlyCount "61"]
[EventDate "2021.08.29"]

1. e4 c5 2. Nf3 d6 3. d4 cxd4 4. Nxd4 Nf6 5. Nc3 a6 6. Bg5 Nbd7 7. Be2 e6 8. f4
Be7 9. Qd2 Qc7 10. Bf3 Nb6 11. b3 Bd7 12. Nce2 Bc6 13. Nxc6 bxc6 14. O-O O-O
15. c4 Nbd7 16. Nc3 a5 17. Rfe1 e5 18. Rad1 Rfd8 19. f5 Nc5 20. Qf2 Nfxe4 21.
Nxe4 Nxe4 22. Bxe4 Bxg5 23. Rd3 Ra6 24. Red1 Qe7 25. g3 Qc7 26. h4 Be7 27. Kg2
Rb8 28. Rf3 Qb6 29. Qc2 h6 30. Kh3 Qd8 31. Qf2 1/2-1/2

[Event "Veletrzni turnaj 2021"]
[Site "Brno"]
[Date "2021.09.05"]
[Round "9.13"]
[White "Wunsch, Radek"]
[Black "Haupt, Jaromir"]
[Result "1-0"]
[WhiteElo "1895"]
[BlackElo "1743"]
[PlyCount "44"]
[EventDate "2021.08.29"]

1. e4 d6 2. d4 Nf6 3. Nc3 g6 4. f4 Bg7 5. Nf3 c5 6. Bb5+ Bd7 7. e5 Ng8 8. dxc5
Bxb5 9. Nxb5 Qa5+ 10. Nc3 Qxc5 11. Qd3 Nc6 12. Be3 Nb4 13. Bxc5 Nxd3+ 14. cxd3
dxc5 15. Nb5 Kd7 16. Rc1 a6 17. Nc3 b6 18. Ke2 Nh6 19. d4 cxd4 20. Nxd4 Nf5 21.
Nxf5 gxf5 22. Na4 Rhc8 1-0

[Event "Veletrzni turnaj 2021"]
[Site "Brno"]
[Date "2021.09.05"]
[Round "9.14"]
[White "Krystl, Jaromir"]
[Black "Zikan, Karel"]
[Result "1-0"]
[WhiteElo "1514"]
[BlackElo "1627"]
[PlyCount "81"]
[EventDate "2021.08.29"]

1. b3 Nf6 2. Bb2 g6 3. Bxf6 exf6 4. e3 Bg7 5. Nf3 O-O 6. c4 d6 7. h3 f5 8. d4
Nd7 9. Nc3 b6 10. Be2 Bb7 11. Qc2 Qe7 12. O-O Rfe8 13. Rfc1 Nf6 14. Nd2 Ne4 15.
Bf3 c5 16. Ne2 Nxd2 17. Bxb7 Qxb7 18. Qxd2 Qe4 19. Ng3 Qe7 20. Re1 Rad8 21.
Rab1 d5 22. b4 dxc4 23. bxc5 bxc5 24. Qa5 cxd4 25. exd4 Qd7 26. Rxe8+ Qxe8 27.
Qxa7 Bxd4 28. Qa6 Qe6 29. Qb5 c3 30. Ne2 Qd6 31. Rc1 Rb8 32. Qc4 Bf6 33. Nxc3
Qd2 34. Nd1 Rb4 35. Qc2 Qe1+ 36. Kh2 Bg5 37. Ne3 Bf4+ 38. g3 Bxg3+ 39. Kxg3 f4+
40. Kf3 Qxc1 41. Qxc1 1-0

[Event "Veletrzni turnaj 2021"]
[Site "Brno"]
[Date "2021.09.05"]
[Round "9.15"]
[White "Habinova, Alice"]
[Black "Sepsi, Jakub"]
[Result "1/2-1/2"]
[WhiteElo "1418"]
[BlackElo "1400"]
[PlyCount "46"]
[EventDate "2021.08.29"]

1. e4 e5 2. f4 d6 3. Nf3 Nc6 4. d4 exd4 5. Nxd4 Bd7 6. Nc3 Nf6 7. Bc4 Qe7 8.
Qd3 O-O-O 9. O-O g6 10. a3 Bg7 11. Be3 Kb8 12. Ndb5 a6 13. Nd4 Ng4 14. Nd5 Qe8
15. Nxc6+ Bxc6 16. Bd2 Nf6 17. Bc3 Bxd5 18. exd5 Rg8 19. Rf3 Qe4 20. Bxa6 Qxd3
21. Bxd3 Nxd5 22. Bxg7 Rxg7 23. Re1 Rd7 1/2-1/2

[Event "Veletrzni turnaj 2021"]
[Site "Brno"]
[Date "2021.09.05"]
[Round "9.17"]
[White "Jurak, Stanislav"]
[Black "Hakl, Jaroslav"]
[Result "1-0"]
[WhiteElo "1728"]
[BlackElo "1471"]
[PlyCount "113"]
[EventDate "2021.08.29"]

1. d4 d5 2. c4 e6 3. Nf3 Nf6 4. Nc3 Bb4 5. Qb3 c5 6. a3 Qa5 7. Bd2 Nc6 8. Rd1
dxc4 9. Qxc4 b5 10. Qxb5 Qxb5 11. Nxb5 Bxd2+ 12. Rxd2 O-O 13. dxc5 Ne4 14. Rc2
Rb8 15. e3 Rd8 16. Nbd4 Bb7 17. Nxc6 Bxc6 18. b4 Ba4 19. Rc1 Rd1+ 20. Rxd1 Bxd1
21. Bd3 Bxf3 22. gxf3 Nc3 23. Kd2 Nd5 24. Rb1 Kf8 25. Bc4 Nc7 26. Kc3 Ke7 27.
Rd1 a5 28. Rb1 Kd7 29. b5 Kc8 30. a4 Na6 31. c6 Nc5 32. Bb3 Kc7 33. Bc2 f5 34.
h4 g6 35. Rd1 Kb6 36. Kd4 f4 37. e4 Rg8 38. Ke5 g5 39. hxg5 Rxg5+ 40. Kxf4 h6
41. Rh1 e5+ 42. Ke3 Rg6 43. Rh5 Re6 44. f4 exf4+ 45. Kxf4 Rf6+ 46. Rf5 Rd6 47.
Ke3 Ne6 48. Rd5 Kc7 49. Rxd6 Kxd6 50. f4 h5 51. e5+ Kc7 52. f5 Ng5 53. Be4 h4
54. Bh1 Nf7 55. Kf4 Kb6 56. Bd5 Nd8 57. e6 1-0